| 000 | 00346nam a2200133Ia 4500 | ||
|---|---|---|---|
| 008 | 240624s9999 xx 000 0 und d | ||
| 041 | _aeng | ||
| 082 | _a005.133 HOR | ||
| 100 | _aHORSTMANN CAY S | ||
| 245 | _aCORE JAVA 2 ADVANCED FEATURES | ||
| 250 | _a(7th ed.) | ||
| 260 |
_c2006 _aNew Delhi _bPearson Education |
||
| 300 | _a1022 : p. : cm. ; 24 | ||
| 999 |
_c4534 _d4534 |
||